| 000 | 00946cam a22003015i 4500 | ||
|---|---|---|---|
| 999 |
_c28783 _d28754 |
||
| 001 | 4083383 | ||
| 003 | EG-ScBUE | ||
| 005 | 20200922124559.0 | ||
| 008 | 721219s1972 enk f s 001 0 eng d | ||
| 020 | _a0434905216 (pbk) | ||
| 020 | _a0434905208 | ||
| 040 |
_aDLC _beng _erda _cDLC _dDLC _dEG-ScBUE |
||
| 043 | _ae-uk--- | ||
| 082 | 0 | 4 |
_a354.420081 _bEDW _222 |
| 100 | 1 |
_aEdwards, Bernard, _eauthor. |
|
| 245 | 1 | 0 |
_aSources of economic and business statistics / _cBernard Edwards. |
| 264 | 1 |
_aLondon : _bHeinemann, _c1972. |
|
| 300 |
_axii, 272 pages ; _c23 cm |
||
| 336 |
_atext _btxt _2rdacontent |
||
| 337 |
_aunmediated _bn _2rdamedia |
||
| 338 |
_avolume _bnc _2rdacarrier |
||
| 500 | _aIncludes index. | ||
| 651 | 7 |
_aGreat Britain _xStatistical services. _2BUEsh |
|
| 651 | 7 |
_aGreat Britain _xStatistics. _2BUEsh |
|
| 651 | 7 |
_aGreat Britain _xEconomic conditions _y1964-1979. _2BUEsh |
|
| 653 |
_bBUSECO _cSeptember2020 |
||
| 942 |
_2ddc _cBB |
||